000 01288nam0a22003491 4500
001 rc\3160234
005 20220113133914.0
021 _aRU
_b[76-77233]
035 _a(NLR Aleph) 007325107
090 _a5950709
_c5950709
100 _a20120615d1976 |||y0rusy50 ca
101 0 _arus
102 _aRU
105 _ay z |||||
200 1 _aИнженеру об изобретении
_f[Н.М. Зенкин, М.Н. Казанский, Е.Л. Макеев, Н.П. Финешин]
_gПод ред. Н. М.Зенкина
_gС предисл. Ю.Е. Максарева
205 _a2-е изд., перераб. и доп.
210 _aМосква
_cАтомиздат
_d1976
215 _a198 с.
_d21
320 _aСписок лит.: с. 192-196 (144 назв.)
606 _aИзобретения
_2psbo
606 _aИзобретательское право, советское
_2psbo
701 1 _aМакеев
_bЕ. Л.
701 1 _aФинешин
_bН. П.
701 1 _aКазанский
_bМ. Н.
701 1 _aЗенкин
_bН. М.
_gНиколай Михайлович
_4340
702 1 _aМаксарев
_bЮ. Е.
_4080
801 0 _aRU
_bNLR
_gpsbo
801 1 _aRU
_bELAR
_2rusmarc
852 _aNLR
_j77-5/1223
942 _cBOOK
980 _aNB